[Event "Bad Woerishofen op 15th"]
[Site "Bad Woerishofen"]
[Date "1999.??.??"]
[Round "8"]
[White "Kupreichik, Viktor D"]
[Black "Heinig, Wolfram"]
[Result "1-0"]
[WhiteElo "2457"]
[BlackElo "2300"]
[PlyCount "77"]
[EventDate "1999.03.05"]
[EventType "swiss"]
[EventRounds "9"]
[EventCountry "GER"]
[SourceTitle "EXT 2000"]
[Source "ChessBase"]
[SourceDate "1999.11.16"]
[SourceVersion "1"]
[SourceVersionDate "1999.11.16"]
[SourceQuality "1"]

1. e4 c6 2. Nc3 d5 3. d4 dxe4 4. Nxe4 Bf5 5. Nc5 b6 6. Nb3 e6 7. Nf3 Bd6 8. g3
Nf6 9. Bg2 Qc7 10. O-O Nbd7 11. Nbd2 b5 12. Nh4 Bg4 13. Qe1 O-O 14. Ne4 Nd5 15.
Nxd6 Qxd6 16. Bd2 c5 17. dxc5 Qxc5 18. Rc1 Rac8 19. Qe4 N7f6 20. Qe5 Qc7 21.
Qxc7 Rxc7 22. h3 Bh5 23. g4 Bg6 24. Nxg6 hxg6 25. g5 Nd7 26. Bxd5 exd5 27. Rfd1
Rfc8 28. Be3 Ne5 29. Rxd5 Nf3+ 30. Kf1 Rxc2 31. Rxc2 Rxc2 32. Rxb5 a6 33. Rb8+
Kh7 34. Rb7 Kg8 35. a4 f6 36. gxf6 gxf6 37. b4 Rb2 38. a5 Ne5 39. b5 1-0

[Event "MK Cafe Cup-B"]
[Site "Koszalin"]
[Date "1999.08.11"]
[Round "8"]
[White "Kupreichik, Viktor D"]
[Black "Komliakov, Viktor"]
[Result "1-0"]
[WhiteElo "2429"]
[BlackElo "2494"]
[PlyCount "53"]
[EventDate "1999.08.03"]
[EventType "swiss"]
[EventRounds "10"]
[EventCountry "POL"]
[SourceTitle "EXT 2000"]
[Source "ChessBase"]
[SourceDate "1999.11.16"]
[SourceVersion "1"]
[SourceVersionDate "1999.11.16"]
[SourceQuality "1"]

1. e4 d6 2. Nc3 e5 3. Bc4 Nf6 4. f4 exf4 5. d4 Be7 6. Bxf4 Be6 7. Bxe6 fxe6 8.
Qe2 O-O 9. O-O-O Ne8 10. Nh3 c6 11. Rhf1 Nc7 12. Qg4 Kh8 13. Bg5 Nd7 14. Qh4
Nf6 15. e5 dxe5 16. dxe5 Nfd5 17. Ne4 h6 18. Bxe7 Qxe7 19. Qxe7 Nxe7 20. Rxf8+
Rxf8 21. Rd7 Ncd5 22. c4 Rf1+ 23. Kd2 Ng6 24. cxd5 exd5 25. Ng3 Ra1 26. e6 Rxa2
27. Rxb7 1-0

[Event "Sportland NRW-Cup"]
[Site "Senden"]
[Date "1999.??.??"]
[Round "3"]
[White "Kupreichik, Viktor D"]
[Black "Miezis, Normunds"]
[Result "1-0"]
[WhiteElo "2425"]
[BlackElo "2520"]
[PlyCount "85"]
[EventDate "1999.10.??"]
[EventType "swiss"]
[EventRounds "9"]
[EventCountry "GER"]
[SourceTitle "EXT 2000"]
[Source "ChessBase"]
[SourceDate "1999.11.16"]
[SourceVersion "1"]
[SourceVersionDate "1999.11.16"]
[SourceQuality "1"]

1. e4 c5 2. Nf3 e6 3. Nc3 a6 4. g3 Nc6 5. Bg2 g6 6. d4 cxd4 7. Nxd4 Bg7 8. Be3
Nge7 9. O-O Ne5 10. Qe2 h5 11. h3 b5 12. a4 b4 13. Na2 Rb8 14. Rad1 Qc7 15. b3
f5 16. f4 Nf7 17. c3 fxe4 18. Bxe4 Nd6 19. Bb1 bxc3 20. Rc1 Ndf5 21. Nxf5 gxf5
22. b4 Qc6 23. Kh2 Qxa4 24. Bc5 Qb3 25. Bd3 Kf7 26. Rfd1 Qa3 27. Bc4 a5 28. Qd3
d5 29. Nxc3 dxc4 30. Qd6 Rb7 31. Nb5 Qb2+ 32. Kg1 Rxb5 33. Qxe7+ Kg6 34. Qg5+
Kf7 35. Qe7+ Kg6 36. Qg5+ Kh7 37. Qxh5+ Bh6 38. Bd4 Qxd4+ 39. Rxd4 Rg8 40.
Rdxc4 Bd7 41. Rd1 Rg7 42. Rc7 Be8 43. Rxg7+ 1-0

[Event "Sportland NRW-Cup"]
[Site "Senden"]
[Date "1999.??.??"]
[Round "9"]
[White "Gipslis, Aivars P"]
[Black "Kupreichik, Viktor D"]
[Result "0-1"]
[WhiteElo "2460"]
[BlackElo "2425"]
[PlyCount "91"]
[EventDate "1999.10.??"]
[EventType "swiss"]
[EventRounds "9"]
[EventCountry "GER"]
[SourceTitle "EXT 2000"]
[Source "ChessBase"]
[SourceDate "1999.11.16"]
[SourceVersion "1"]
[SourceVersionDate "1999.11.16"]
[SourceQuality "1"]

1. e4 c5 2. Nf3 d6 3. d4 cxd4 4. Qxd4 Nc6 5. Bb5 Bd7 6. Bxc6 Bxc6 7. Nc3 e6 8.
Bg5 Nf6 9. O-O-O Be7 10. Qd3 Rc8 11. Nd4 a6 12. f4 h6 13. Bh4 O-O 14. f5 Ng4
15. Bxe7 Qxe7 16. Qe2 Ne5 17. h4 b5 18. Rh3 b4 19. Nb1 Qb7 20. Nd2 Bb5 21. Qe3
Bd7 22. Rg3 Kh7 23. Kb1 exf5 24. exf5 f6 25. Qe2 Rfe8 26. Re3 Qd5 27. Re4 Nc6
28. Ne6 Qxf5 29. g4 Qb5 30. Qe1 d5 31. Re3 d4 32. Re4 d3 33. Rc1 Ne5 34. Nxg7
dxc2+ 35. Rxc2 Rxc2 36. Nxe8 Rxb2+ 37. Ka1 Qa4 38. Nxf6+ Kh8 39. Kxb2 Nd3+ 40.
Ka1 Nxe1 41. Rxe1 Qc2 42. Nxd7 Qxd2 43. Re8+ Kg7 44. Re7+ Kg8 45. Kb1 Qd6 46.
Rg7+ 0-1

[Event "BL2-West 9900"]
[Site "Germany"]
[Date "1999.10.10"]
[Round "1.2"]
[White "Kupreichik, Viktor D"]
[Black "Glek, Igor Vladimirovich"]
[Result "1-0"]
[WhiteElo "2429"]
[BlackElo "2536"]
[PlyCount "73"]
[EventDate "1999.10.10"]
[EventType "team-tourn"]
[EventRounds "9"]
[EventCountry "GER"]
[SourceTitle "CBM 074 Extra"]
[Source "ChessBase"]
[SourceDate "2000.03.10"]
[SourceVersion "2"]
[SourceVersionDate "2000.03.10"]
[SourceQuality "1"]
[WhiteTeam "Plettenberg"]
[BlackTeam "Katernberg"]
[WhiteTeamCountry "GER"]
[BlackTeamCountry "GER"]

1. c4 f5 2. Nc3 Nf6 3. g3 g6 4. Bg2 Bg7 5. d3 d6 6. e4 Nc6 7. Nge2 e5 8. O-O
O-O 9. f4 exf4 10. Bxf4 fxe4 11. dxe4 Be6 12. Nd5 Qd7 13. c5 Bg4 14. cxd6 cxd6
15. Ne3 Rad8 16. Nxg4 Nxg4 17. Bh3 h5 18. Qd5+ Kh7 19. Rad1 Bxb2 20. Bg5 Rde8
21. Rxf8 Rxf8 22. Qxd6 Qxd6 23. Rxd6 Nce5 24. Bf4 Rf7 25. Bg2 Nc4 26. Rd8 Ba3
27. Rc8 Nd6 28. Rc3 Nb5 29. Rc4 b6 30. h3 Bc5+ 31. Rxc5 bxc5 32. hxg4 hxg4 33.
e5 c4 34. Bd5 Rc7 35. e6 Rc8 36. e7 c3 37. Bc6 {Zeit} 1-0

[Event "BL2-West 9900"]
[Site "Germany"]
[Date "2000.03.12"]
[Round "7.1"]
[White "Kupreichik, Viktor D"]
[Black "Feygin, Michael"]
[Result "1-0"]
[WhiteElo "2429"]
[BlackElo "2500"]
[PlyCount "57"]
[EventDate "1999.10.10"]
[EventType "team-tourn"]
[EventRounds "9"]
[EventCountry "GER"]
[SourceTitle "CBM 075 Extra"]
[Source "ChessBase"]
[SourceDate "2000.05.11"]
[SourceVersion "2"]
[SourceVersionDate "2000.05.11"]
[SourceQuality "1"]
[WhiteTeam "Plettenberg"]
[BlackTeam "Neu Herne"]
[WhiteTeamCountry "GER"]
[BlackTeamCountry "GER"]

1. e4 e6 2. d4 d5 3. e5 c5 4. c3 Qb6 5. Nf3 Bd7 6. a3 Bb5 7. b4 cxd4 8. Bxb5+
Qxb5 9. Nxd4 Qd7 10. O-O Ne7 11. Bf4 Nbc6 12. Nf3 h6 13. h4 g5 14. hxg5 Ng6 15.
Bg3 hxg5 16. Nxg5 Ncxe5 17. Nd2 Rc8 18. f4 Bh6 19. Ndf3 Nc4 20. Qd3 Nd6 21.
Rae1 Bxg5 22. Nxg5 Ne7 23. Qd4 Rh5 24. Qf6 Rc4 25. f5 Nexf5 26. Bxd6 Qxd6 27.
Qxf5 Qe7 28. Qxf7+ Kd7 29. Nxe6 1-0

[Event "BLR-ch"]
[Site "Minsk"]
[Date "2000.??.??"]
[Round "3"]
[White "Surma, Dmitry"]
[Black "Kupreichik, Viktor D"]
[Result "0-1"]
[WhiteElo "2371"]
[BlackElo "2480"]
[PlyCount "100"]
[EventDate "2000.??.??"]
[EventType "tourn"]
[EventRounds "11"]
[EventCountry "BLR"]
[EventCategory "7"]
[SourceTitle "EXT 2001"]
[Source "ChessBase"]
[SourceDate "2000.11.22"]
[SourceVersion "1"]
[SourceVersionDate "2000.11.22"]
[SourceQuality "1"]

1. d4 d5 2. Nf3 Nf6 3. c4 e6 4. Nc3 Bb4 5. Qa4+ Nc6 6. Ne5 Bd7 7. Nxd7 Nxd7 8.
cxd5 Nb6 9. Qb5 Nxd5 10. Bd2 O-O 11. e3 a6 12. Qd3 Nf6 13. a3 Bd6 14. Be2 e5
15. dxe5 Nxe5 16. Qc2 c5 17. f4 Nc6 18. O-O Rc8 19. Bf3 b5 20. Ne2 c4 21. e4
Bc5+ 22. Kh1 Re8 23. Rad1 Qe7 24. e5 Nd7 25. Bc3 Nf8 26. Ng3 Red8 27. Rxd8 Qxd8
28. Rd1 Qb6 29. Qe4 a5 30. Qf5 Rd8 31. Rxd8 Qxd8 32. Nh5 Ne6 33. Qe4 Ncd4 34.
Bg4 b4 35. axb4 axb4 36. Be1 Bf8 37. h3 Nc5 38. Qb1 Nd3 39. Kh2 Qa8 40. Bd2 Nb3
41. Be3 Qe4 42. Bb6 Nd2 43. Qd1 c3 44. bxc3 bxc3 45. e6 Ne1 46. exf7+ Kxf7 47.
Bf3 Nexf3+ 48. gxf3 Nxf3+ 49. Kg2 Nh4+ 50. Kf2 c2 0-1

[Event "BLR-ch"]
[Site "Minsk"]
[Date "2000.??.??"]
[Round "5"]
[White "Romanov, Oleg"]
[Black "Kupreichik, Viktor D"]
[Result "0-1"]
[WhiteElo "2381"]
[BlackElo "2480"]
[PlyCount "64"]
[EventDate "2000.??.??"]
[EventType "tourn"]
[EventRounds "11"]
[EventCountry "BLR"]
[EventCategory "7"]
[SourceTitle "EXT 2001"]
[Source "ChessBase"]
[SourceDate "2000.11.22"]
[SourceVersion "1"]
[SourceVersionDate "2000.11.22"]
[SourceQuality "1"]

1. d4 Nf6 2. c4 g6 3. Nc3 Bg7 4. e4 O-O 5. Bd3 d6 6. Nge2 Nc6 7. O-O Nd7 8. Bc2
e5 9. dxe5 dxe5 10. Be3 Re8 11. a3 Nf8 12. Ba4 Bd7 13. Nd5 Ne6 14. Ng3 Ncd4 15.
Bxd7 Qxd7 16. Bh6 c6 17. Bxg7 Kxg7 18. Ne3 Nf4 19. Nc2 Rad8 20. Nxd4 Qxd4 21.
Qb3 h5 22. Rad1 Qc5 23. h4 Qe7 24. Qc3 Qxh4 25. Rxd8 Qxd8 26. Re1 Qg5 27. Qf3
Rd8 28. Nf1 Rd4 29. g3 h4 30. Ne3 Rd2 31. Ng4 hxg3 32. fxg3 Nh3+ 0-1

[Event "BLR-ch"]
[Site "Minsk"]
[Date "2000.??.??"]
[Round "8"]
[White "Tihonov, Jurij"]
[Black "Kupreichik, Viktor D"]
[Result "0-1"]
[WhiteElo "2391"]
[BlackElo "2480"]
[PlyCount "76"]
[EventDate "2000.??.??"]
[EventType "tourn"]
[EventRounds "11"]
[EventCountry "BLR"]
[EventCategory "7"]
[SourceTitle "EXT 2001"]
[Source "ChessBase"]
[SourceDate "2000.11.22"]
[SourceVersion "1"]
[SourceVersionDate "2000.11.22"]
[SourceQuality "1"]

1. d4 Nf6 2. c4 c6 3. Nc3 d5 4. e3 e6 5. Nf3 Nbd7 6. Qc2 a6 7. Bd2 g6 8. e4
dxe4 9. Nxe4 Nxe4 10. Qxe4 Bg7 11. Be2 O-O 12. O-O e5 13. Bg5 f6 14. Bd2 f5 15.
Qc2 exd4 16. c5 Ne5 17. Nxe5 Bxe5 18. Rfe1 Kg7 19. Bxa6 Qc7 20. Bc4 Bxh2+ 21.
Kh1 Be5 22. g3 Bd7 23. Qd3 Rae8 24. Rad1 Bf6 25. Kg2 Rxe1 26. Rxe1 Re8 27. Rd1
Qe5 28. b4 Qe4+ 29. Qf3 g5 30. Bd3 Qxf3+ 31. Kxf3 Be6 32. Kg2 Ra8 33. Ra1 Ra3
34. Bf1 d3 35. Rd1 Bd5+ 36. Kg1 Bf3 37. Re1 Rxa2 38. Re3 Be4 0-1

[Event "Frohnleiten op"]
[Site "Frohnleiten"]
[Date "2000.??.??"]
[Round "?"]
[White "Kupreichik, Viktor D"]
[Black "Kaspret, Guido"]
[Result "1-0"]
[WhiteElo "2480"]
[BlackElo "2340"]
[PlyCount "85"]
[EventDate "2000.??.??"]
[EventType "swiss"]
[EventRounds "9"]
[EventCountry "AUT"]
[SourceTitle "EXT 2002"]
[Source "ChessBase"]
[SourceDate "2001.11.25"]
[SourceVersion "1"]
[SourceVersionDate "2001.11.25"]
[SourceQuality "1"]

1. e4 c5 2. Nf3 Nc6 3. Nc3 d6 4. d4 cxd4 5. Nxd4 Nf6 6. Bc4 Bd7 7. O-O e6 8.
Bb3 Be7 9. f4 O-O 10. Be3 Nxd4 11. Bxd4 b5 12. e5 Ne8 13. Qe2 b4 14. Ne4 dxe5
15. Bxe5 Qb6+ 16. Kh1 f6 17. Qd2 Qc6 18. Rad1 Rd8 19. Bd6 Nxd6 20. Nxd6 Be8 21.
Nf5 Rxd2 22. Nxe7+ Kf7 23. Nxc6 Rxd1 24. Rxd1 Bxc6 25. Kg1 Rc8 26. f5 Ke7 27.
Bxe6 Rc7 28. Rd4 a5 29. Kf2 Bb5 30. Rd2 Bc4 31. Bxc4 Rxc4 32. Ke3 h5 33. Re2
Kd6 34. Kd3 Rf4 35. Re6+ Kc5 36. Re7 Rg4 37. g3 h4 38. Re4 Rg5 39. g4 g6 40.
fxg6 Rxg6 41. Rf4 h3 42. Ke4 Rg5 43. Rf5+ 1-0

[Event "Petrov Memorial op"]
[Site "St Petersburg"]
[Date "2000.02.10"]
[Round "4"]
[White "Kupreichik, Viktor D"]
[Black "Chetverik, Maxim"]
[Result "1-0"]
[WhiteElo "2480"]
[BlackElo "2314"]
[PlyCount "81"]
[EventDate "2000.02.05"]
[EventType "swiss"]
[EventRounds "9"]
[EventCountry "RUS"]
[SourceTitle "CBM 076"]
[Source "ChessBase"]
[SourceDate "2000.05.31"]
[SourceVersion "1"]
[SourceVersionDate "2000.05.31"]
[SourceQuality "1"]

1. e4 e5 2. Nf3 Nc6 3. Bb5 Bb4 4. a3 Ba5 5. b4 Bb6 6. Bb2 d6 7. d4 exd4 8. Nbd2
Bd7 9. Bxc6 bxc6 10. Bxd4 Bxd4 11. Nxd4 Qf6 12. N2b3 Ne7 13. O-O O-O 14. Re1
Rae8 15. Qf3 Qg6 16. Qg3 Qh5 17. Qc3 Kh8 18. Qc4 Ng6 19. Nxc6 Nf4 20. Re3 Qg4
21. g3 d5 22. Qc5 Bxc6 23. Qxc6 f5 24. Kh1 Nh3 25. Rf1 fxe4 26. f4 Ng5 27. Nd4
Rd8 28. Qxc7 Qh3 29. Rf2 Qh5 30. Rd2 Nf3 31. Nxf3 exf3 32. Rf2 Rfe8 33. Qc5 Rc8
34. Qxa7 d4 35. Rexf3 Rxc2 36. Qxd4 Rc1+ 37. Kg2 h6 38. f5 Rec8 39. f6 R8c4 40.
fxg7+ Kh7 41. g8=Q+ 1-0

[Event "Pavlograd"]
[Site "Pavlograd"]
[Date "2000.??.??"]
[Round "3"]
[White "Kupreichik, Viktor D"]
[Black "Yagupov, Igor"]
[Result "1-0"]
[WhiteElo "2472"]
[BlackElo "2460"]
[PlyCount "134"]
[EventDate "2000.09.11"]
[EventType "tourn"]
[EventRounds "9"]
[EventCountry "UKR"]
[EventCategory "10"]
[SourceTitle "CBM 078 Extra"]
[Source "ChessBase"]
[SourceDate "2000.11.10"]
[SourceVersion "1"]
[SourceVersionDate "2000.11.10"]
[SourceQuality "1"]

1. e4 e6 2. d4 d5 3. Nc3 dxe4 4. Nxe4 Nd7 5. Nf3 Ngf6 6. Bg5 h6 7. Bxf6 Nxf6 8.
Bd3 c5 9. Bb5+ Bd7 10. Bxd7+ Qxd7 11. Nxc5 Bxc5 12. dxc5 Qb5 13. Qd4 Rd8 14.
Qc3 O-O 15. a4 Qa6 16. Qb3 Nd5 17. Qb5 Nc7 18. Qxa6 Nxa6 19. Ke2 Nxc5 20. b4
Ne4 21. c4 a5 22. bxa5 f6 23. Ra3 Rf7 24. Rb1 Rc7 25. Rb4 e5 26. Ke3 Nd6 27.
Rc3 Ra8 28. Nd2 Nf5+ 29. Ke4 Nd4 30. Nb3 Nxb3 31. Rcxb3 Rxa5 32. Kd3 Ra7 33.
Kc3 Kf7 34. a5 Ke7 35. Rb5 Kd7 36. Kb4 Ra6 37. Rd3+ Kc8 38. Rb6 Rd7 39. Rxd7
Rxb6+ 40. axb6 Kxd7 41. Kc5 f5 42. Kd5 e4 43. g3 g5 44. Ke5 Kc6 45. Kxf5 Kxb6
46. Kxe4 g4 47. Kf5 h5 48. Kg5 Kc5 49. Kxh5 Kxc4 50. Kxg4 b5 51. h4 b4 52. h5
b3 53. h6 b2 54. h7 b1=Q 55. h8=Q Qd1+ 56. f3 Qd7+ 57. Kh4 Kd3 58. g4 Ke2 59.
Qe5+ Kf2 60. f4 Qh7+ 61. Qh5 Qe7+ 62. g5 Qc7 63. Qe8 Qxf4+ 64. Kh5 Qf5 65. Kh6
Qf4 66. Qe7 Kg2 67. Kg7 Qd4+ 1-0

[Event "Pavlograd"]
[Site "Pavlograd"]
[Date "2000.??.??"]
[Round "4"]
[White "Kazakov, Mikhail"]
[Black "Kupreichik, Viktor D"]
[Result "0-1"]
[WhiteElo "2489"]
[BlackElo "2472"]
[PlyCount "144"]
[EventDate "2000.09.11"]
[EventType "tourn"]
[EventRounds "9"]
[EventCountry "UKR"]
[EventCategory "10"]
[SourceTitle "CBM 078 Extra"]
[Source "ChessBase"]
[SourceDate "2000.11.10"]
[SourceVersion "1"]
[SourceVersionDate "2000.11.10"]
[SourceQuality "1"]

1. e4 c5 2. Nf3 d6 3. d4 cxd4 4. Nxd4 Nf6 5. Nc3 a6 6. f4 g6 7. Nf3 Bg7 8. e5
Nh5 9. Bc4 O-O 10. Ng5 Bh6 11. Nxf7 Rxf7 12. Bxf7+ Kxf7 13. g4 Nxf4 14. Rf1 g5
15. Bxf4 gxf4 16. g5 Bg7 17. Rxf4+ Kg8 18. Qh5 Nc6 19. exd6 Bd7 20. O-O-O Qe8
21. Qxe8+ Rxe8 22. dxe7 Rxe7 23. Nd5 Re5 24. Nf6+ Bxf6 25. gxf6 Bf5 26. Rg1+
Bg6 27. h4 Kf7 28. Rg5 Rxg5 29. hxg5 Ke6 30. Kd2 Nd8 31. Ke3 Bxc2 32. Rc4 Bg6
33. Kf4 Kd5 34. Rc1 Nc6 35. Rd1+ Ke6 36. Re1+ Kd6 37. Rd1+ Ke6 38. Re1+ Kd6 39.
a3 a5 40. Rd1+ Ke6 41. b3 b5 42. Rd2 Bf7 43. Rb2 Kd6 44. b4 axb4 45. axb4 Bg6
46. Rd2+ Ke6 47. Re2+ Kf7 48. Kg4 Bd3 49. Rb2 Kg6 50. Rb3 Ne5+ 51. Kf4 Bc4 52.
Re3 Nc6 53. Rh3 Bg8 54. Rh6+ Kf7 55. Kf5 Nxb4 56. Rh3 Nc6 57. Rc3 Nd4+ 58. Ke5
Ne6 59. Ra3 Kg6 60. Ra7 Bf7 61. Rb7 Nxg5 62. Rxb5 Bc4 63. Rb6 Nf7+ 64. Kf4 Bd5
65. Ra6 Bb7 66. Rb6 Bc8 67. Rc6 Bh3 68. Rb6 Nd8 69. Ra6 Ne6+ 70. Ke5 Nf8 71.
Kf4 Be6 72. Ke5 Bh3 0-1

[Event "BL2-West 0001"]
[Site "Germany"]
[Date "2000.12.10"]
[Round "3.2"]
[White "Kupreichik, Viktor D"]
[Black "Sonntag, Hans Hubert"]
[Result "1-0"]
[WhiteElo "2472"]
[BlackElo "2380"]
[PlyCount "78"]
[EventDate "2000.10.15"]
[EventType "team-tourn"]
[EventRounds "9"]
[EventCountry "GER"]
[SourceTitle "CBM 082 Extra"]
[Source "ChessBase"]
[SourceDate "2001.07.03"]
[SourceVersion "1"]
[SourceVersionDate "2001.07.03"]
[SourceQuality "1"]
[WhiteTeam "Plettenberg"]
[BlackTeam "Aachen"]
[WhiteTeamCountry "GER"]
[BlackTeamCountry "GER"]

1. e4 e5 2. Nf3 Nc6 3. Bb5 a6 4. Ba4 Nf6 5. O-O Be7 6. Re1 b5 7. Bb3 d6 8. a4
Bd7 9. c3 O-O 10. d4 h6 11. Nbd2 Re8 12. Nf1 Bf8 13. dxe5 Nxe5 14. Nxe5 dxe5
15. Qf3 Be6 16. Bc2 Nd7 17. Ne3 Qf6 18. Qe2 c6 19. h3 g6 20. Ng4 Qh4 21. Be3 h5
22. Nh2 Qe7 23. Nf3 Bc4 24. Qd1 Nc5 25. b3 Be6 26. Nxe5 Nxb3 27. Nxc6 Qc7 28.
Bxb3 Bxb3 29. Qxb3 Qxc6 30. Bd4 Rad8 31. axb5 axb5 32. Ra7 Rd7 33. Rxd7 Qxd7
34. Qb2 Qc6 35. f3 Rb8 36. Rc1 Qc4 37. Qd2 Rd8 38. Qg5 Rd7 39. Rb1 Qd3 1-0

[Event "BL2-West 0001"]
[Site "Germany"]
[Date "2001.01.28"]
[Round "5.2"]
[White "Kupreichik, Viktor D"]
[Black "Scholz, Christian"]
[Result "1-0"]
[WhiteElo "2472"]
[BlackElo "2324"]
[PlyCount "93"]
[EventDate "2000.10.15"]
[EventType "team-tourn"]
[EventRounds "9"]
[EventCountry "GER"]
[SourceTitle "CBM 082 Extra"]
[Source "ChessBase"]
[SourceDate "2001.07.03"]
[SourceVersion "1"]
[SourceVersionDate "2001.07.03"]
[SourceQuality "1"]
[WhiteTeam "Plettenberg"]
[BlackTeam "Bochum"]
[WhiteTeamCountry "GER"]
[BlackTeamCountry "GER"]

1. e4 c5 2. Ne2 d6 3. g3 Nc6 4. Bg2 g6 5. c3 Bg7 6. d4 Bg4 7. d5 Na5 8. O-O b5
9. h3 Bd7 10. f4 Nh6 11. g4 f5 12. exf5 gxf5 13. g5 Nf7 14. Ng3 O-O 15. Qc2 Qc8
16. Re1 Re8 17. Nd2 Nh8 18. Nh5 Ng6 19. Nxg7 Kxg7 20. Nf1 Nh4 21. Bh1 e5 22.
dxe6 Bc6 23. Qf2 Bxh1 24. Qxh4 Bb7 25. Ng3 Rxe6 26. Rxe6 Qxe6 27. Qh6+ Qxh6 28.
Nxf5+ Kg6 29. Nxh6 Re8 30. f5+ Kh5 31. Kf2 Nc4 32. b3 Ne5 33. Kg3 Nd3 34. Ng4
Nxc1 35. Nf6+ Kxg5 36. Nxe8 Ne2+ 37. Kf2 Nxc3 38. Rg1+ Kf4 39. Nxd6 Bd5 40. f6
Nxa2 41. f7 Bxf7 42. Rg4+ Ke5 43. Nxf7+ Kd5 44. Ke3 Nc1 45. b4 cxb4 46. Rxb4
Kc5 47. Rb2 1-0

[Event "BL2-West 0001"]
[Site "Germany"]
[Date "2001.03.11"]
[Round "7.2"]
[White "Kupreichik, Viktor D"]
[Black "Lau, Ralf"]
[Result "1-0"]
[WhiteElo "2472"]
[BlackElo "2498"]
[PlyCount "30"]
[EventDate "2000.10.15"]
[EventType "team-tourn"]
[EventRounds "9"]
[EventCountry "GER"]
[SourceTitle "CBM 082 Extra"]
[Source "ChessBase"]
[SourceDate "2001.07.03"]
[SourceVersion "1"]
[SourceVersionDate "2001.07.03"]
[SourceQuality "1"]
[WhiteTeam "Plettenberg"]
[BlackTeam "Bann"]
[WhiteTeamCountry "GER"]
[BlackTeamCountry "GER"]

1. e4 d5 2. exd5 Qxd5 3. Nc3 Qa5 4. d4 Nf6 5. Bc4 c6 6. Qe2 Qh5 7. Qe3 Nbd7 8.
Nf3 e6 9. Bd2 Be7 10. O-O-O Nb6 11. Bd3 Nbd5 12. Nxd5 Nxd5 13. Qe1 a6 14. Ne5
f6 15. Be2 Qh4 1-0

[Event "BL2-West 0001"]
[Site "Germany"]
[Date "2001.04.01"]
[Round "8.2"]
[White "Schmitz, Joachim"]
[Black "Kupreichik, Viktor D"]
[Result "0-1"]
[WhiteElo "2319"]
[BlackElo "2472"]
[PlyCount "68"]
[EventDate "2000.10.15"]
[EventType "team-tourn"]
[EventRounds "9"]
[EventCountry "GER"]
[SourceTitle "CBM 082 Extra"]
[Source "ChessBase"]
[SourceDate "2001.07.03"]
[SourceVersion "1"]
[SourceVersionDate "2001.07.03"]
[SourceQuality "1"]
[WhiteTeam "Duisburg"]
[BlackTeam "Plettenberg"]
[WhiteTeamCountry "GER"]
[BlackTeamCountry "GER"]

1. Nf3 Nf6 2. c4 c5 3. Nc3 d5 4. cxd5 Nxd5 5. g3 Nc6 6. Bg2 Nc7 7. O-O e5 8. d3
Be7 9. Nd2 Bd7 10. Nc4 f6 11. a4 O-O 12. a5 Kh8 13. Bd2 Rb8 14. Kh1 b5 15. axb6
axb6 16. f4 b5 17. Ne3 exf4 18. gxf4 Nd4 19. f5 Qc8 20. Be4 Bd6 21. Rf2 Qe8 22.
Ned5 Nxd5 23. Nxd5 c4 24. Ra6 Bc6 25. Bc3 Bc5 26. Rg2 Bxd5 27. Bxd5 Nxf5 28.
Rc6 Ne3 29. Rxg7 Nxd1 30. Rcc7 Nf2+ 31. Kg2 Qh5 32. Bg8 Rxg8 33. Bxf6 Rxg7+ 34.
Rxg7 Qh3+ 0-1

[Event "Kurgan"]
[Site "Kurgan"]
[Date "2001.??.??"]
[Round "?"]
[White "Kornev, Alexei"]
[Black "Kupreichik, Viktor D"]
[Result "0-1"]
[WhiteElo "2359"]
[BlackElo "2453"]
[PlyCount "63"]
[EventDate "2001.??.??"]
[EventType "tourn"]
[EventRounds "11"]
[EventCountry "RUS"]
[EventCategory "7"]
[SourceTitle "EXT 2006"]
[Source "ChessBase"]
[SourceDate "2005.11.24"]
[SourceVersion "1"]
[SourceVersionDate "2005.11.24"]
[SourceQuality "1"]

1. e4 Nf6 2. Nc3 e5 3. Nf3 Bb4 4. Nxe5 Qe7 5. Nd3 Bxc3 6. dxc3 Nxe4 7. Be2 d5
8. O-O O-O 9. a4 c6 10. Re1 Bf5 11. Bg4 Qf6 12. Bxf5 Qxf5 13. f3 Nf6 14. Re5
Qc8 15. Bg5 Nbd7 16. Re7 h6 17. Bh4 Re8 18. Rxe8+ Nxe8 19. Bg3 Qd8 20. a5 Ndf6
21. Kh1 Nd6 22. Qg1 Nb5 23. Qc5 Nd7 24. Qb4 Qf8 25. a6 b6 26. Re1 Nc5 27. Nxc5
bxc5 28. Qf4 c4 29. Qe3 Qc8 30. Bf4 Qxa6 31. Bxh6 gxh6 32. Qxh6 0-1

[Event "Kurgan"]
[Site "Kurgan"]
[Date "2001.??.??"]
[Round "?"]
[White "Kupreichik, Viktor D"]
[Black "Ponomariov, Valeriy"]
[Result "1-0"]
[WhiteElo "2453"]
[BlackElo "2326"]
[PlyCount "98"]
[EventDate "2001.??.??"]
[EventType "tourn"]
[EventRounds "11"]
[EventCountry "RUS"]
[EventCategory "7"]
[SourceTitle "EXT 2006"]
[Source "ChessBase"]
[SourceDate "2005.11.24"]
[SourceVersion "1"]
[SourceVersionDate "2005.11.24"]
[SourceQuality "1"]

1. e4 c6 2. Nc3 d5 3. d4 dxe4 4. Nxe4 Nd7 5. Bc4 Ngf6 6. Ng5 e6 7. Qe2 Nb6 8.
Bb3 h6 9. N5f3 c5 10. Bf4 Nbd5 11. Be5 Qa5+ 12. Nd2 cxd4 13. Ngf3 Be7 14. Nxd4
O-O 15. O-O Bd7 16. c4 Nb4 17. a3 Nc6 18. Nxc6 Bxc6 19. Bc2 Rfd8 20. Rfd1 Nd7
21. Bc3 Qc7 22. Ne4 Bxe4 23. Qxe4 Nf6 24. Qe2 Rac8 25. Bd3 Ne8 26. Qe4 Nf6 27.
Qf3 Ne8 28. Qe4 Nf6 29. Qe2 Ne8 30. Rac1 Bf6 31. Be1 Be5 32. h3 Nf6 33. b4 Bd4
34. c5 Qf4 35. Bb1 Rd7 36. Bd2 Qh4 37. Be3 Bxe3 38. Qxe3 Rcd8 39. Qf3 Rxd1+ 40.
Rxd1 Rxd1+ 41. Qxd1 Nd5 42. Qa4 g6 43. Bd3 Qd4 44. Bf1 Nc3 45. Qxa7 Ne4 46.
Qb8+ Kg7 47. Qf4 f5 48. Qe3 Qd1 49. Qd3 Qc1 1-0

[Event "Kurgan"]
[Site "Kurgan"]
[Date "2001.??.??"]
[Round "?"]
[White "Kupreichik, Viktor D"]
[Black "Volchikhin, Igor"]
[Result "1-0"]
[WhiteElo "2453"]
[BlackElo "2355"]
[PlyCount "98"]
[EventDate "2001.??.??"]
[EventType "tourn"]
[EventRounds "11"]
[EventCountry "RUS"]
[EventCategory "7"]
[SourceTitle "EXT 2006"]
[Source "ChessBase"]
[SourceDate "2005.11.24"]
[SourceVersion "1"]
[SourceVersionDate "2005.11.24"]
[SourceQuality "1"]

1. e4 c5 2. Nf3 Nc6 3. Nc3 e6 4. g3 Nf6 5. Bg2 d6 6. O-O Be7 7. d4 cxd4 8. Nxd4
Bd7 9. b3 a6 10. a4 O-O 11. Bb2 Nxd4 12. Qxd4 Bc6 13. Rfd1 Qc7 14. a5 Rfe8 15.
Na4 e5 16. Qc3 Rad8 17. Nb6 Qb8 18. Qe3 Nd7 19. Nd5 Bxd5 20. Rxd5 Nf6 21. Rd2
Rc8 22. Bf1 Rc5 23. b4 Rc7 24. h4 Qc8 25. c4 Qg4 26. Re1 Rec8 27. Kh2 Qg6 28.
f3 Nd7 29. Red1 Nf8 30. c5 dxc5 31. Bxe5 Rc6 32. b5 axb5 33. Bxb5 Re6 34. Rd5
h6 35. f4 f5 36. exf5 Qxf5 37. Bd3 Qh5 38. Be2 Qg6 39. h5 Qf5 40. Qb3 c4 41.
Qxb7 Rcc6 42. Bf3 c3 43. Rc1 Bf6 44. Bxf6 Qxf6 45. Rd3 Rc5 46. Bd5 Qf5 47.
Bxe6+ Nxe6 48. Re3 Qxh5+ 49. Kg1 Rd5 1-0